书目信息 |
| 题名: |
二、三年制师范专科学校教学大纲
|
|
| 作者: | ;教育部 审定 | |
| 分册: | 《遗传学(附作物育种学)》教学大纲 | |
| 出版信息: | 北京 高等教育出版社 1983 |
|
| 页数: | 49页 | |
| 开本: | 21cm | |
| 丛书名: | ||
| 单 册: | ||
| 中图分类: | G652.3 | |
| 科图分类: | ||
| 主题词: | 师范教育--教学理论--课程 , 师范教育--教学法--课程 | |
| 电子资源: | ||
| ISBN: | ||
| 000 | 00989nam0 2200265 45 | |
| 001 | 0183011153 | |
| 005 | 20050104154121.9 | |
| 010 | @dCNY0.18 | |
| 091 | @a7010.0574 | |
| 100 | @a19950224d1983 em y0chiy0121 ea | |
| 101 | 0 | @achi |
| 102 | @aCN@b110000 | |
| 105 | @ay z 000yy | |
| 200 | 10 | @a二、三年制师范专科学校教学大纲@Aer、 san nian zhi shi fan zhuan ke xuexiao jiao xue da gang@i《遗传学(附作物育种学)》教学大纲@e供生物学专业试用@EGong Sheng Wu Xue Zhuan Ye Shi Yong@f教育部审定@FJiao Yu Bu Shen Ding |
| 210 | @a北京@c高等教育出版社@d1983 | |
| 215 | @a49页@d21cm | |
| 517 | @a《遗传学(附作物育种学)教学大纲》@A《Yi Chuan Xue(Fu Zuo Wu Yu ZhongXue)Jiao Xue Da Gang》 | |
| 517 | @a供生物学专业试用@AGong Sheng Wu Xue Zhuan Ye Shi Yong | |
| 606 | @a师范教育@x教学理论@x课程 | |
| 606 | @a师范教育@x教学法@x课程 | |
| 690 | @aG652.3@v3 | |
| 711 | 02 | @a教育部@4审定 |
| 801 | 0 | @aCN@b上海图书馆@c20040429 |
| 801 | 2 | @aCN@bNLC@c20040429 |
| 905 | @dG652.3@e11@f1@b155349 | |
| 二、三年制师范专科学校教学大纲.《遗传学(附作物育种学)》教学大纲:供生物学专业试用/教育部审定.-北京:高等教育出版社,1983 |
| 49页;21cm |
| ISBN :CNY0.18 |
| ● |
| 相关链接 |
|
|
|
|
正题名:二、三年制师范专科学校教学大纲
索取号:G652.3/11
 
预约/预借
| 序号 | 登录号 | 条形码 | 馆藏地/架位号 | 状态 | 备注 |
| 1 | 0102402 | 001003363 | 密集书库/ [索取号:G652.3/11] | 在馆 | |
| 2 | 0102403 | 001003292 | 密集书库/ [索取号:G652.3/11] | 在馆 | |
| 3 | 0102404 | 001003309 | 密集书库/ [索取号:G652.3/11] | 在馆 | |
| 4 | 0102405 | 001003318 | 密集书库/ [索取号:G652.3/11] | 在馆 | |
| 5 | 0102406 | 001003354 | 第一样本阅览室/ [索取号:G652.3/11] | 在馆 | |
| 6 | 0155343 | 001003327 | 密集书库/ [索取号:G652.3/11] | 在馆 | |
| 7 | 0155344 | 001003274 | 密集书库/ [索取号:G652.3/11] | 在馆 | |
| 8 | 0155345 | 001003265 | 密集书库/ [索取号:G652.3/11] | 在馆 | |
| 9 | 0155346 | 001003229 | 密集书库/ [索取号:G652.3/11] | 在馆 | |
| 10 | 0155347 | 001003283 | 密集书库/ [索取号:G652.3/11] | 在馆 | |
| 11 | 0155348 | 001003210 | 密集书库/ [索取号:G652.3/11] | 在馆 | |
| 12 | 0155349 | 001003256 | 密集书库/ [索取号:G652.3/11] | 在馆 |